Praxis /

Saved in:
Bibliographic Details
Main Author: Weldon, Fay
Format: Book
Language:English
Published: London : Hodder & Stoughton, c1978.
LEADER 00679nam a22001937a 4500
001 c000110216
003 CARM
005 19991213150501.0
008 990323s1978 enk 000 1 eng d
019 1 |a 14613095  |z 45876900  |5 LACONCORD2021 
035 |a (OCoLC)4918978  |5 LACONCORD2021 
040 |a VLINC  |b eng  |c VLINC 
100 1 |a Weldon, Fay. 
245 1 0 |a Praxis /  |c Fay Weldon. 
260 |a London :  |b Hodder & Stoughton,  |c c1978. 
300 |a 269 p. 
852 8 |b CARM  |h A2:AG28B0  |i B03301  |p 0157817  |f BK 
999 f f |i 8a2e7545-a158-5d22-98c7-c865778e7784  |s 8a24d6fa-73a8-53fa-a2cf-086cf99bd8a0 
952 f f |p Can circulate  |a CAVAL  |b CAVAL  |c CAVAL  |d CARM 1 Store  |e B03301  |f A2:AG28B0  |h Other scheme  |i book  |m 0157817